Personnnel Management and Human Resources (Record no. 1079864)

MARC details
000 -LEADER
fixed length control field 00381nam a2200121Ia 4500
008 - FIXED-LENGTH DATA ELEMENTS--GENERAL INFORMATION
fixed length control field 231228s1993 xx 000 0 und d
041 ## - LANGUAGE CODE
Language code of text/sound track or separate title eng
082 ## - DEWEY DECIMAL CLASSIFICATION NUMBER
Classification number 658.3
Item number VEN
100 ## - MAIN ENTRY--PERSONAL NAME
Personal name VENKATA RATNAM (C.S)& SRIVASTAVA(B.K)
245 ## - TITLE STATEMENT
Title Personnnel Management and Human Resources
260 ## - PUBLICATION, DISTRIBUTION, ETC.
Place of publication, distribution, etc. New Delhi
Name of publisher, distributor, etc. Tata McGraw-Hil Publication Company Limited . Delhi
Date of publication, distribution, etc. 1993
300 ## - PHYSICAL DESCRIPTION
Extent XII,348P

No items available.